Estadísticas escolares 1973-1978
Contiene estadísticas educacionales referentes a los niveles primario y secundarios del sistema escolar nicaragüense, correspondientes al periodo 1973 a 19778 - Informa sobre la matricula inicial, personal de educación primarias y secundaria, centros de educación, aulas y edificios de educación prim...
সংরক্ষণ করুন:
| সংস্থা লেখক: | |
|---|---|
| বিন্যাস: | পাঠ্য |
| প্রকাশিত: |
Managua:
MED
|
| ট্যাগগুলো: |
ট্যাগ যুক্ত করুন
কোনো ট্যাগ নেই, প্রথমজন হিসাবে ট্যাগ করুন!
|
MARC
| LEADER | 00000 a a2200000 04500 | ||
|---|---|---|---|
| 001 | 20531 | ||
| 003 | |||
| 040 | |||
| 090 | |a 077200 | ||
| 110 | |a Nicaragua. Ministerio de Educación Pública. Oficina de Estadística | ||
| 245 | |a Estadísticas escolares 1973-1978 | ||
| 260 | |a Managua: |b MED | ||
| 300 | |a 146 p. | ||
| 520 | |a Contiene estadísticas educacionales referentes a los niveles primario y secundarios del sistema escolar nicaragüense, correspondientes al periodo 1973 a 19778 - Informa sobre la matricula inicial, personal de educación primarias y secundaria, centros de educación, aulas y edificios de educación primaria y sobre gatos públicos en enseñanza. Información se expone según áreas, administración y departamentos del país | ||
| 999 | |c 6204 |d 6204 | ||
